Ako nevychovať malých tyranov vedecky podložené stratégie pre lepšiu výchovu - od perinky po pubertu

Bibliographic Details
Main Author: Wenner Moyer, Melinda (Author)
Other Authors: Richterová, Lucia (Translator)
Format: Book
Language:Slovak
English
PhysicalDescription:375 strán 20 cm
Published: [Bratislava] Motýľ 2022
ISBN:9788081642838
Edition:Vydanie prvé
Subjects:

MARC

LEADER 00000cam a2200000 4500
001 vtls012128061
003 SK-MaSNL
005 20260301055334.0
008 220322s2022 xo grnf 010 0 slo
015 |a SNBA2022/09 
020 |a 9788081642838  |q (brožované) 
040 |a SNK  |b slo  |c SNK  |e rda 
041 1 |a slo  |h eng 
044 |a xo  |c SK 
072 7 |a 37  |x Výchova a vzdelávanie  |2 konspekt 
080 |a 173.5:173.7  |2 2011 
080 |a 37.015.311-053.2  |2 2011 
080 |a 37.016:37.018.1  |2 2011 
080 |a 37.01:159.942  |2 2011 
080 |a (0.062)  |2 2011 
100 1 |a Wenner Moyer, Melinda  |4 aut  |9 368787 
240 1 0 |a How to Raise Kids Who Aren't Assholes  |l Slovensky 
245 1 0 |a Ako nevychovať malých tyranov  |b vedecky podložené stratégie pre lepšiu výchovu - od perinky po pubertu  |c Melinda Wennerová Moyerová ; z anglického originálu How to Raise Kids Who Aren't Assholes ... preložila Lucia Richterová 
250 |a Vydanie prvé 
264 1 |a [Bratislava]  |b Motýľ  |c 2022 
300 |a 375 strán  |c 20 cm 
336 |a text  |b txt  |2 rdacontent 
337 |a bez média  |b n  |2 rdamedia 
338 |a zväzok  |b nc  |2 rdacarrier 
500 |a Preložené z angličtiny 
504 |a Obsahuje bibliografické odkazy 
650 0 7 |a rodičia a deti  |2 SNKPH  |9 63347 
650 0 7 |a výchova dieťaťa  |2 SNKPH  |9 21780 
650 0 7 |a rodinná výchova  |2 SNKPH  |9 66934 
650 0 7 |a emocionálna výchova  |2 SNKPH  |9 71709 
650 0 7 |a Parents and children  |2 SNKPHeng  |9 312750 
650 0 7 |a Child rearing  |2 SNKPHeng  |9 276230 
650 0 7 |a Family education  |2 SNKPHeng  |9 276719 
650 0 7 |a Emotional education  |2 SNKPHeng  |9 310958 
655 7 |a populárno-náučné publikácie  |2 SNKPH  |9 70460 
655 7 |a Popular works  |2 SNKPHeng  |9 90287 
700 1 |a Richterová, Lucia  |4 trl  |9 218824 
919 |a 978-80-8164-283-8 
954 |a odborná, vedecká literatúra cudzojazyčná (svetová)  |2 lita 
958 |a NB 
958 |a UP 
968 |b ENG 
999 |c 613107  |d 615037 
952 |a SNK  |b SNK  |y PREZ  |7 0  |p 17A1492033  |o snkSD 90862  |i snk2022/10911  |8 0  |0 0  |1 0  |4 0  |d 2022-07-01  |f 1  |l 0  |r 2026-02-23 16:29:26  |w 2026-02-23 
952 |a SNK  |b SNK  |y VYP  |7 0  |p 17A1492034  |o snkSD 90862 D1  |i snk2022/10912  |8 0  |0 0  |1 0  |4 0  |d 2022-07-01  |l 0  |r 2026-02-23 16:29:26  |w 2026-02-23